000
00242nam a2200097Ia 4500
082
_a
EF HOLD
245
0
_a
Beautiful people
100
_a
HOLDEN, Wendy London, 2009
_9
63310
942
_c
BK
008
210817s9999 xx 000 0 und d
999
_c
200582
_d
200582